000
00210nam a22000857a 4500
008
161207b xxu||||| |||| 00| 0 eng d
100
_9
1937
_a
Sayunkta ludra.S
245
_a
Bal barti
260
_a
New Delhi
_b
NCERT
_c
2006
999
_c
4704
_d
4704